|
|
|
|
| LEADER |
00000nam0a2200000 4500 |
| 001 |
258189 |
| 005 |
20231101233255.0 |
| 035 |
|
|
|a (RuTPU)RU\TPU\book\281027
|
| 090 |
|
|
|a 258189
|
| 100 |
|
|
|a 20140423d1987 k y0rusy50 ca
|
| 101 |
0 |
|
|a rus
|
| 102 |
|
|
|a RU
|
| 105 |
|
|
|a y z 001zy
|
| 200 |
1 |
|
|a Государственный контроль качества
|f В. И. Сашников, В. С. Кузнецов
|
| 210 |
|
|
|a Москва
|c Изд-во стандартов
|d 1987
|
| 215 |
|
|
|a 104 с.
|
| 225 |
1 |
|
|a Всеобуч по качеству
|
| 320 |
|
|
|a Библиогр. в примеч.
|
| 606 |
1 |
|
|a Бездефектное изготовление продукции
|2 stltpush
|3 (RuTPU)RU\TPU\subj\28148
|9 51739
|
| 610 |
1 |
|
|a контроль
|
| 610 |
1 |
|
|a продукция
|
| 610 |
1 |
|
|a качество
|
| 610 |
1 |
|
|a контролирующие органы
|
| 610 |
1 |
|
|a государственный надзор
|
| 610 |
1 |
|
|a государственная приемка
|
| 675 |
|
|
|a 658.562.6
|v 3
|
| 700 |
|
1 |
|a Сашников
|b В. И.
|
| 701 |
|
1 |
|a Кузнецов
|b В. С.
|
| 801 |
|
1 |
|a RU
|b 63413507
|c 20140423
|
| 801 |
|
2 |
|a RU
|b 63413507
|c 20161107
|g RCR
|
| 942 |
|
|
|c BK
|